Zásadné zmeny, ktoré prináša nový Zákonník práce

Bibliographic Details
Main Author: Kopčanská, Mária (Author)
Format: Article
Language:Slovak
ISSN:1335-7034
Subjects:

MARC

LEADER 00000nab a2200000 a 4500
001 vtls000783385
003 SK-MaSNL
005 20260304115016.0
008 250429c2002 xo 0 slo
015 |a SNBRB2002/02-05992 
035 |a CLN000135093 
035 |a urn:nbn:sk:snk-ab73nn 
035 |a (uuid)39be0a0d-8a48-48c8-997e-a010b457f3dd 
035 |a (urnnbn)urn:nbn:sk:snk:ar-a06s44 
035 |a (sysno)vtls000783385 
040 |a SNKBUCL  |b slo  |c SNKBUCL  |e AACR2 
041 0 |a slo 
044 |a xo  |c SK 
080 |a 349.2  |2 1997 
100 1 |a Kopčanská, Mária  |4 aut  |9 1420819 
245 1 0 |a Zásadné zmeny, ktoré prináša nový Zákonník práce  |c Mária Kopčanská 
630 0 7 |a Zákonník práce  |x novelizácia  |2 snkbucl  |9 840720 
650 0 7 |a pracovné právo  |2 snkbucl  |9 982 
655 7 |a články z novín a časopisov  |2 snkbucl  |9 267496 
773 0 |t Dane a účtovníctvo v praxi  |g Roč. 7, č. 2 (2002), s. 30-34  |x 1335-7034 
850 |a Slovenská národná knižnica 
852 |a Slovenská národná knižnica 
954 |a odborná, vedecká literatúra pôvodná (slovenská)  |2 lita 
958 |a article27 
958 |a OND 
958 |a EUIPO 
992 |a RBX 
999 |c 2874594  |d 2876524